It looks like you're offline.
Open Library logo
additional options menu

MARC record from Internet Archive

LEADER: 02121cam a2200361 a 4500
001 2007034466
003 DLC
005 20110616082034.0
008 070823s2008 njuak b 001 0 eng
010 $a 2007034466
015 $aGBA790686$2bnb
016 7 $a014276193$2Uk
020 $a9780470194959 (cloth)
020 $a0470194952 (cloth)
035 $a(OCoLC)ocn166873236
035 $a(OCoLC)166873236
040 $aDLC$cDLC$dBTCTA$dBAKER$dYDXCP$dUKM$dC#P$dDLC
050 00 $aK1519.C6$bM44 2008
082 00 $a346.04/8$222
100 1 $aMeeker, Heather J.,$d1959-
245 14 $aThe open source alternative :$bunderstanding risks and leveraging opportunities /$cHeather J. Meeker.
260 $aHoboken, NJ :$bWiley & Sons,$cc2008.
300 $axi, 285 p. :$bill., forms ;$c24 cm.
504 $aIncludes bibliographical references and index.
505 0 $aFree software and open source -- Common open source licenses and their structure -- Due diligence, license proliferation, and compatibility -- Audits and compliance initiatives -- Notice requirements -- Patents and open source -- Trademarks and open source -- Open source and open standards -- Developing a corporate open source policy -- Open source code releases -- Technical background : operating system kernels, user space, and elements of programming -- Enforcement of open source licenses -- The border dispute of GPL2 -- License or contract? -- Defining distribution -- Open source in mergers and acquisitions and other transactions -- GPL version 3.0 -- LGPL version 3.0.
650 0 $aOpen source software$xLaw and legislation.
650 0 $aComputer programs$xPatents.
650 0 $aCopyright$xComputer programs.
650 0 $aComputer software industry$xLicenses.
650 0 $aFree computer software$xLaw and legislation.
856 42 $3Publisher description$uhttp://www.loc.gov/catdir/enhancements/fy0741/2007034466-d.html
856 41 $3Table of contents only$uhttp://www.loc.gov/catdir/enhancements/fy0741/2007034466-t.html
856 42 $3Contributor biographical information$uhttp://www.loc.gov/catdir/enhancements/fy0808/2007034466-b.html